| 000 | 00427nam a2200133 a 4500 | ||
|---|---|---|---|
| 005 | 20141022142001.0 | ||
| 008 | 100924s19uu xx 00 eng d | ||
| 050 |
_aDVD _bA2 2004 |
||
| 245 |
_aAncient Apocalypse: end of civilization : _bEpisode 1: Death on the Nile. 2. Mystery of the Minoans. |
||
| 260 |
_bBritish Broadcasting Corp, _cc2008. |
||
| 650 | _aAncient civilization. | ||
| 650 | _aHistory-Biblical. | ||
| 942 | _cAVM | ||
| 999 |
_c276288 _d276288 |
||